000 00326nam a22001217a 4500
008 230606b xxu||||| |||| 00| 0 eng d
082 _a346.06
_bEAC
100 _cEAC
245 _aEast African Community
_b21st Meeting of the Council of Ministers
260 _aArusha
_bEAC
_c2010
300 _aii(various paging)
942 _2ddc
_cBK
999 _c540
_d540